000 00929nam a2200277 i 4500
003 DO-SdBNP
005 20230703141413.0
007 ta
008 230703b2022 dr ||||| |||| 00| 0 spa d
020 _a9789945935004
040 _aDO-SdBNP
_bspa
_cBNPHU
_erda
082 4 _222
100 _aRojas, Diego,
_eautor
_983675
245 1 0 _aDe gris a blanco :
_bsegunada parte /
_cDiego Rojas ; corrección, Eduardo Tejada, Francisco Pablo Fortuna
264 1 _aSanto Domingo :
_bPapelmaché,
_c2022.
300 _a259 páginas ;
_c22 cm.
336 _2rdacontent
_atexto
_btxt
337 _2rdamedia
_asin mediación
_bn
338 _2rdacarrier
_avolumen
_bnc
500 _aIncluye datos biográficos del autor en la solapa de la cubierta
590 _aInventariado, 2023/BT
700 1 _aTejada, Eduard,
_ecorrección
_983676
700 1 _aFortuna, Francisco Pablo,
_ecorrección
_971209
910 _aBtavárez
942 _2ddc
_cLBS1
999 _c54057
_d54057